Pakistan's islamic bomb (Record no. 32189)

MARC details
000 -LEADER
fixed length control field 00293nam a2200121Ia 4500
082 ## - DEWEY DECIMAL CLASSIFICATION NUMBER
Classification number 032
Item number PAL
100 ## - MAIN ENTRY--AUTHOR NAME
Personal name Namboodiri, P K S
245 #0 - TITLE STATEMENT
Title Pakistan's islamic bomb
260 ## - PUBLICATION, DISTRIBUTION, ETC. (IMPRINT)
Place of publication New delhi
Name of publisher Vikas
Year of publication 1979
700 ## - ADDED ENTRY--PERSONAL NAME
Personal name Palit, D K
942 ## - ADDED ENTRY ELEMENTS (KOHA)
Koha item type Books
Holdings
Withdrawn status Lost status Damaged status Not for loan Home library Current library Date acquired Cost, normal purchase price Full call number Accession Number Koha item type
        RRII Library RRII Library 16/12/2021 30.00 032 PAL 12711 Books